00493 a2200169 450000500170000000800410001701000140005802000230007203500130009503700180010808200100012610000150013624500520015126000380020327000540024130000280029520080924104822.0080924t xxu||||| |||| 00| 0 eng d aENG-87822 a818988008Xc400.00 aEN-71355 bD.B.Act / Pub a303.4 aJha, Manju aSocial change in an India villagecby Manju Jha aNew DelhibJanaki Prakashanc2006 a1979, Ganj Mirkhan, Darya GanjbNew Delhie110002 av, 191 p.c22 cm. (Hb.)